000 00414nam a2200169Ia 4500
008 230524s9999 xx 000 0 und d
020 _a9780070671539
082 _a530
_bMAL
100 _aHitendra Kumar Malik
245 0 _aEngineering Physics
260 _aNEW DELHI
_bTMH
_c2010
300 _aXXII;22.15
500 _aQuantity Number: 70
650 _aPhysics
700 _a Ajay Kumar Singh
942 _cBK
999 _c48374
_d48374